01378nabaa22002657a 4500003000400000005001700004008004100021040000700062100002600069245007100095300001500166500003500181505045900216505008900675650002700764650003700791650002100828650002300849650001700872650002700889650002200916650002600938650003500964773011300999OSt20260123213243.0190701b xxu||||| |||| 00| 0 spa d cPJ aCassagne, Juan Carlos10aSobre la constitucionalidad del DNU 70-2023 / cJuan C. Cassagne.  ap. 313-323 aCita: TR LALEY AR/DOC/59/2024  aSumario: I. La Constitución es un organismo vivo.— II. El punto de partida: la separación de los poderes.— III. Consecuencias de seguir diferentes interpretaciones sobre la separación de poderes con respecto a la constitucionalidad de los DNU.— IV. Necesidad y estado de necesidad. Los decretos, leyes y la emergencia.— V. Los presupuestos habilitantes exigidos por el art. 99 inc. 3 de la CN.— VI. La constitucionalidad del DNU 70/2023.  t¿Te interesa el texto completo? Comunicate al correo: koha@justierradelfuego.gov.ar 0aDERECHO ADMINISTRATIVO 0aDECRETOS DE NECESIDAD Y URGENCIA 0aDERECHOS HUMANOS 0aCONSTITUCIONALIDAD 0aLEGISLACION  0aDELEGACION LEGISLATIVA 0aLEY DE EMERGENCIA 0aCONSTITUCION NACIONAL 0aGARANTIAS CONSTITUCIONALES ›0 02842dBuenos Aires : AbeledoPerrot, 2012-oDA121tDerecho administrativo. Nº 152 marzo/abril 2024z18510590